Most Populous Subdivision By Country - Statistics

General Stats
  • This quiz has been taken 834 times
    397 since last reset
  • The average score is 12 of 20
Answer Stats
Country Population Subdivision % Correct
United States 39,368,078 California
94%
Russia 10,382,754 Moscow
87%
Japan 13,513,734 Tokyo
87%
Canada 13,448,494 Ontario
86%
Brazil 46,649,132 São Paulo
81%
India 230,907,000 Uttar Pradesh
80%
Australia 8,164,128 New South Wales
79%
China 115,210,000 Guangdong
73%
France 12,278,210 Île-de-France
71%
Italy 10,103,969 Lombardy
67%
Pakistan 110,012,442 Punjab
64%
Spain 8,388,107 Andalusia
61%
Indonesia 50,103,300 West Java
58%
Nigeria 13,076,892 Kano
39%
Saudi Arabia 8,557,766 Mecca
38%
Ukraine 4,131,808 Donetsk
37%
South Africa 15,488,137 Gauteng
33%
Ethiopia 33,692,000 Oromia
33%
Poland 5,411,446 Masovian
19%
Venezuela 5,125,579 Zulia
9%
No matching quizzes found
Score Distribution
Percent of People with Each Score
Percentile by Number Answered
Your Score History
You have not taken this quiz since the last reset